000 00482nam a22001697a 4500
003 BD-DhUL
005 20181016155517.0
008 181016snd. ii ||||| |||| 00| 0 urd d
040 _aBD-DhUL
_cBD-DhUL
082 _a891.443
_bHUN
100 1 _aحسمین، محمد
245 1 0 _aنیرنگ خیال /
_cمحمد حسمین
_b
260 _aدہلی :
_bمطبوعہ جمال پریس،
_c۔
300 _aص، ۹۲ ؛
_c۱۷ سم۔
650 4 _aUrdu fiction
942 _2ddc
_cBK
999 _c243961
_d243961